000 00411nam a2200181Ia 4500
001 3358
005 20260306145637.0
008 260306t2006||||xx |||||||||||||| ||spa||
041 _aESP
082 _a270
_bR88
100 _aRoyal, Robert
_eAUT
245 4 _aThe God that did not fail
260 _c2006
300 _a311 páginas :
_c24 cm.
650 _aGEN
654 _aCHU
942 _cLIB
_dJUS
_fJUS
_2ddc
_n
999 _c3358
_d3358